Gaming Quiz - allgemeine Fragen #2 - Statistiken

Allgemein
  • Dieses Quiz wurde 1.131 mal gespielt
  • Das Durchschnittsergebnis liegt bei 9 aus 15
Antwortstatistiken
Frage Antwort % Korrekt
Wie heißt das Nintendo-Spiel, in dem man mit verschiedenen Charakteren in Kart-Rennen fährt? Mario Kart
99%
In welchem Spiel kann man sich aus zwei Stöcken und drei Eisenbarren eine Eisen-Spitzhacke craften? Minecraft
96%
In diesem Multiplayer Spiel ist man Teil einer Crew auf einem Raumschiff und muss herausfinden wer der Verräter ist. Among Us
86%
Wie lautet der Titel der Spielereihe in der man einen Auftragskiller ohne Haare spielt, der einen Barcode auf dem Hinterkopf tätowiert hat? Hitman
82%
In welchem Spiel ist es möglich mit einer Ziege, Chaos in der gesamten Welt anzurichten? Goat Simulator
81%
In welchem Story-Game spielt man einen Zauberer/Hexe in einer Schule für Hexerei und Zauberei? Hogwarts Legacy
76%
In welchem Spiel ist man mit bis zu vier Spielern an verschiedenen Orten unterwegs um Beweise für Geisteraktivitäten zu sammeln? Phasmophobia
73%
Wie heißt das Spiel, in dem man als Joel Miller ein Teenager Mädchen namens Ellie, in einer postapokalyptischen Welt vor Zombies beschützen muss? The Last of Us
72%
Welche Rollenspiel-Reihe spielt in einer von Atomkrieg zerstörten Welt? Fallout
65%
Aus welchem Online-Shooter stammen die Legenden: Bloodhound, Lifeline, Pathfinder? Apex Legends
53%
In welchem Spiel bekämpft man Herzlose und Niemande mit einem Schlüsselschwert? Kingdom Hearts
43%
In welchem Spiel startet man mit einem kleinen Stamm und muss Rohstoffe wie "Nahrung, Stein, Holz und Gold Sammeln um Fortschritt zu erlangen und Gegner zu erobern? Age of Empires
32%
In diesem Spiel ist man auf einem Raumschiff, welches ein Notsignal abgegeben hatte und bekämpft die Gefahren unter anderem mit dem sogenannten "Plasma Cutter" Dead Space 1
31%
In welchem Multiplayer Game spielt man einen Hüter des Lichts mit einem sogenannten Geist als Begleiter? Destiny / Destiny 2
31%
In welchem Spiel spielt man einen Schriftsteller, der seine unwissentlich selbst geschrieben Horror Story durchleben muss? Alan Wake
26%
Keine übereinstimmenden Quizze gefunden
Verteilung der Resultate
Anzahl Personen mit jedem Resultat
Perzentil nach korrekt beantworteten Fragen
Ihre Resultats-Entwicklung
Sie haben dieses Quiz noch nicht gespielt